1407 1533 1622 1841 1972 1908 1538 1114 1672 1337 1520 1449 1630 1836 1210 1991 1687 1441 1953 1063 1813 1543 1724 1724 1142 1788 1617 1168 1838 1863 1395 1666 1377 1391 1389 1254 1427 1552 1455 1547 1337 1259 1572 1200 1432 1458 1917 1910 1231 1624 1756 1823 1675 1333 1651 1728 1215 1943 1415 1196 1205 1674 1779 1416 1884 1631 1917 1823 1828 1722 1036 1466 1437 1037 1551 1699 1889 1879 1956 1677 1333 1480 1761 1842 1458 1067 1013 1746 1943 1302 1018 1250 1373 1574 1423 1168 1559 1006 1951 BCNSPRNW ULIB Ver.6.0+V

เปลี่ยนเป็นภาษาไทย

Change to English
 แสดงรายละเอียดบรรณานุกรม
  กลับหน้าหลัก

Brief Record : Get Marc (ISO 2709) : E-mail record : QR code < ปิดหน้าต่าง
LEADER : 00000nam 2200000uu 4500
001    13399128079
003     ULIB
008    220509s2564||||th 000 0 tha d
020    ^a9786164435896
060 04 ^aWB105^bก451
245 00 ^aการดูแลรักษาผู้บาดเจ็บก่อนถึงโรงพยาบาล =^bPrehospital trauma care/^cบรรณาธิการ, ไชยพร ยุกเซ็น.
246 31 ^aPrehospital trauma care
250    ^aพิมพ์ครั้งที่ 1
260    ^aกรุงเทพฯ :^bโครงการตำรารามาธิบดีคณะแพทยศาสตร์โรงพยาบาลรามาธิบดี มหาวิทยาลัยมหิดล.^c2564.
300    ^axxi, 482 หน้า. :^bภาพประกอบสี ;^c27 ซม.
505 0  ^aตอนที่ 1 ระบบการแพทย์ฉุกเฉิน -- บทที่ 1 บริการการแพทย์ฉุกเฉิน -- บทที่2 กฎหมายเกี่ยวกับระบบการแพทย์ฉุกเฉิน -- บทที่ 3 ระบบคัดแยก -- ตอนที่2 การดูแลรักษาผู้บาดเจ็บ -- บทที่ 4 การดูแลรักษาผู้บาดเจ็บ ณ จุดเกิดเหตุ-- บทที่ 5 การประเมินภาวะเสียเลือดปริมาณมาก -- บทที่ 6การป้องกันกระดูกต้นคอ -- บทที่ 7 การประเมินทางเดินหายใจส่วนบน --บทที่ 8 การประเมินการหายใจ -- บทที่ 9 การประเมินระบบไหลเวียนโลหิต-- บทที่ 10 การประเมินระบบประสาท -- บทที่ 11การประเมินบาดแผลภายนอกและ Adjunct to Primary Survey -- บทที่12 การประเมิน Secondary Survey -- บทที่ 13การดูแลรักษาผู้บาดเจ็บที่มีลักษณะเฉพาะ -- บทที่ 14การยกและเคลื่อนย้ายผู้บาดเจ็บ -- ตอนที่ 3การดูแลรักษาผู้บาดเจ็บในสถานการณ์พิเศษ -- บทที่ 15การจัดการภัยพิบัติและอุบัติภัยหมู่ -- บทที่ 16การดูแลผู้ป่วยฉุกเฉินนอกโรงพยาบาลในสถานการณ์การแพร่ระบาดของเชื้อไวรัสโคโรนา 2019
650  2 ^aEmergency Medical services
650  2 ^aEmergency Nursing
650  4 ^aการบาดเจ็บ^xการรักษา
650  4 ^aการพยาบาลฉุกเฉิน
650  4 ^aPrehospital trauma care
700 0  ^aไชยพร ยุกเซ็น,^eบรรณาธิการ
710  2 ^aมหาวิทยาลัยมหิดล.^bคณะแพทยศาสตร์โรงพยาบาลรามาธิบดี.^bโครงการตำรารามาธิบดี
945    ^p650^l0^i29247
945    ^p650^l0^i29248
945    ^p650^l0^i29249
945    ^p650^l0^i29250
945    ^p650^l0^i29251
999    ^aกัณชพร จุลอักษร
รายการนี้ยังไม่มีแท็ก
คุณยังไม่ได้ล็อกอิน คุณสามารถมีกิจกรรมร่วมกับเว็บไซต์ได้ แต่ต้องล็อกอินก่อน ::
  ล็อกอิน

รายการสื่อสารสนเทศ

ลำดับที่ ประเภท เลขเรียก/บาร์โค้ด สถานที่ สถานะ
1. หนังสือสำรอง
หนังสือสำรอง
WB105 ก451 ฉ.1 
  Barcode: 29247
ห้องสมุดวิทยาเขตสวรรค์ประชารักษ์
►หนังสือทั่วไป
บนชั้น
2. วิทยาศาสตร์การแพทย์ และสุขภาพ
วิทยาศาสตร์การแพทย์ และสุขภาพ
WB105 ก451 ฉ.2 
  Barcode: 29248
ห้องสมุดวิทยาเขตสวรรค์ประชารักษ์
►หนังสือทั่วไป
บนชั้น
3. วิทยาศาสตร์การแพทย์ และสุขภาพ
วิทยาศาสตร์การแพทย์ และสุขภาพ
WB105 ก451 ฉ.3 
  Barcode: 29249
ห้องสมุดวิทยาเขตสวรรค์ประชารักษ์
►หนังสือทั่วไป
บนชั้น
4. วิทยาศาสตร์การแพทย์ และสุขภาพ
วิทยาศาสตร์การแพทย์ และสุขภาพ
WB105 ก451 ฉ.4 
  Barcode: 29250
ห้องสมุดวิทยาเขตสวรรค์ประชารักษ์
►หนังสือทั่วไป
บนชั้น
5. วิทยาศาสตร์การแพทย์ และสุขภาพ
วิทยาศาสตร์การแพทย์ และสุขภาพ
WB105 ก451 ฉ.5 
  Barcode: 29251
ห้องสมุดวิทยาเขตสวรรค์ประชารักษ์
►หนังสือทั่วไป
บนชั้น

รายการใกล้เคียง
    หัวเรื่อง [Emergency Medical services]
    หัวเรื่อง [Emergency Nursing]
    หัวเรื่อง [การพยาบาลฉุกเฉิน]
    หัวเรื่อง [Prehospital trauma care]

BibComment


ยังไม่เคยถูกคอมเมนท์

คอมเมนท์ทรัพยากรรายการนี้
  คอมเมนท์: การดูแลรักษาผู้บ..


 Copyright 2026. Bcnsprnw @Library